| 000 | 01621cam a2200421I 4500 | ||
|---|---|---|---|
| 001 | molirehislifew00palm | ||
| 003 | CaSfIA | ||
| 005 | 20210118190241.0 | ||
| 007 | cr|||| | ||
| 008 | 740114s1930 enka 000 0 eng d | ||
| 040 |
_aKSU _cKSU _dOCL _dOCLCQ _dOCLCG _dMTG _dDEBBG _dCaSfIA |
||
| 019 | _a220928034 | ||
| 035 |
_a(OCoLC)775316 _z(OCoLC)220928034 |
||
| 050 | 4 |
_aPQ1852 _b.P3 1930 |
|
| 082 | 0 | 4 |
_a842.4 _219 |
| 084 |
_aIF 8105 _2rvk |
||
| 100 | 1 |
_aPalmer, John, _d1885-1944. |
|
| 245 | 1 | 0 |
_aMolière, _h[electronic resource] _bhis life and works. _cBy John Palmer. |
| 260 |
_aLondon, _bG. Bell and Sons, _c1930. |
||
| 300 |
_avii, 431 p. _billus. _c22 cm. |
||
| 600 | 1 | 0 |
_aMolière, _d1622-1673. |
| 856 | 4 | 1 |
_uhttp://www.archive.org/details/molirehislifew00palm _zFree eBook from the Internet Archive |
| 856 | 4 | 2 |
_uhttp://www.openlibrary.org/books/OL24403166M _zAdditional information and access via Open Library |
| 029 | 1 |
_aAU@ _b000009243879 |
|
| 029 | 1 |
_aNZ1 _b11859774 |
|
| 029 | 1 |
_aUNITY _b045218498 |
|
| 029 | 1 |
_aUKDGL _bD28043 |
|
| 029 | 1 |
_aUNITY _b117449725 |
|
| 029 | 1 |
_aW4S _bcli16747 |
|
| 029 | 1 |
_aUNITY _b115450629 |
|
| 029 | 1 |
_aW4S _bvl00591858 |
|
| 029 | 1 |
_aUNITY _b075910772 |
|
| 029 | 1 |
_aAU@ _b000008827708 |
|
| 029 | 1 |
_aDEBBG _bBV006563152 |
|
| 942 | _cEB | ||
| 506 | _fНеобхідна авторизація на https://archive.org/ (створення облікового запису безкоштовно) | ||
| 506 | _fНеобхідна авторизація на https://openlibrary.org/ (створення облікового запису безкоштовно) | ||
| 999 |
_c526402 _d526402 |
||